000 00794nam a22002537a 4500
001 BR9403595
003 BR-BrBNA
005 20230928094047.0
007 ta
008 230509b bl.||||| |||| 00| 0 por d
040 _aBR-BrBNA
_bpor
_cBiblioteca Nacional de Agricultura
041 _a(Por)
072 _aK10
090 _ K10 BR9403595
110 1 _aInstituto Brasileiro de Desenvolvimento Florestal, Brasilia, DF (Brasil)
_95727
245 1 _aPrograma de monitoramento da cobertura do Brasil. Relatorio tecnico do Distrito Federal - sub-projeto - Reflorestamento
260 3 _aBrasilia, DF (Brasil):
_c1981.
300 _a91 p.
500 _a16 illus.; 15 ref.
650 _aReflorestamento
650 _aDistrito Federal
909 _a202309
_bLucia
_c55
_dLucia Elande
942 _cBK
999 _c48659
_d48659